Sổ tay phòng trị bệnh cho bò sữa

Zapisane w:
Opis bibliograficzny
1. autor: Phạm, Sỹ Lăng
Format: Książka
Język:Undetermined
Wydane: Hà Nội Nông nghiệp 2006
Hasła przedmiotowe:
Etykiety: Dodaj etykietę
Nie ma etykietki, Dołącz pierwszą etykiete!
Thư viện lưu trữ: Trung tâm Học liệu Trường Đại học Cần Thơ
LEADER 00570nam a2200205Ia 4500
001 CTU_104247
008 210402s9999 xx 000 0 und d
020 |c 36200 
082 |a 636.2089 
082 |b L116 
100 |a Phạm, Sỹ Lăng 
245 0 |a Sổ tay phòng trị bệnh cho bò sữa 
245 0 |c Phạm Sỹ Lăng 
260 |a Hà Nội 
260 |b Nông nghiệp 
260 |c 2006 
650 |a Dairy cattle,Vetarinary medicine 
650 |x Diseases 
904 |i Minh 
980 |a Trung tâm Học liệu Trường Đại học Cần Thơ